|
|
|
|
| LEADER |
01434nam a2200361Ia 4500 |
| 001 |
EBC3414931 |
| 003 |
MiAaPQ |
| 005 |
20200520144314.0 |
| 006 |
m o d | |
| 007 |
cr cn||||||||| |
| 008 |
990305s1999 miua sb s001 0 eng d |
| 010 |
|
|
|z 99006212
|
| 020 |
|
|
|z 047210988X (acid-free paper)
|
| 020 |
|
|
|z 9780472109883
|
| 035 |
|
|
|a (MiAaPQ)EBC3414931
|
| 035 |
|
|
|a (Au-PeEL)EBL3414931
|
| 035 |
|
|
|a (CaPaEBR)ebr10412507
|
| 035 |
|
|
|a (CaONFJC)MIL275416
|
| 035 |
|
|
|a (OCoLC)729019457
|
| 040 |
|
|
|a MiAaPQ
|c MiAaPQ
|d MiAaPQ
|
| 050 |
|
4 |
|a HF1359
|b .D38 1999
|
| 100 |
1 |
|
|a Davis, Patricia A.
|q (Patricia Annette),
|d 1959-
|
| 245 |
1 |
4 |
|a The art of economic persuasion
|h [electronic resource] :
|b positive incentives and German economic diplomacy /
|c Patricia A. Davis.
|
| 260 |
|
|
|a Ann Arbor :
|b University of Michigan Press,
|c c1999.
|
| 300 |
|
|
|a 200 p. :
|b ill.
|
| 504 |
|
|
|a Includes bibliographical references and index.
|
| 533 |
|
|
|a Electronic reproduction. Ann Arbor, MI : ProQuest, 2015. Available via World Wide Web. Access may be limited to ProQuest affiliated libraries.
|
| 650 |
|
0 |
|a International economic relations.
|
| 651 |
|
0 |
|a Germany
|x Foreign economic relations
|z Poland.
|
| 651 |
|
0 |
|a Poland
|x Foreign economic relations
|z Germany.
|
| 655 |
|
4 |
|a Electronic books.
|
| 710 |
2 |
|
|a ProQuest (Firm)
|
| 856 |
4 |
0 |
|u https://ebookcentral.proquest.com/lib/matrademy/detail.action?docID=3414931
|z Click to View
|